Arrêts de la ligne 98 de Lyon (TCL) - Statistiques

Statistiques générales
  • Ce quiz a été pris 13 fois
  • Le résultat moyen est 10 sur 26
Statistiques - réponses
Arrondissement Arrêt % Correct
Lyon 9e Gorge de Loup
88%
Lyon 9e Église Demi-Lune
75%
Lyon 9e La Vallonnière
75%
Tassin-la-Demi-Lune Lycée Blaise Pascal
75%
Marcy-l'Étoile Marcy l'Étoile
63%
Tassin-la-Demi-Lune Demi-Lune Clémenceau
50%
Tassin-la-Demi-Lune Demi-Lune Vauboin
50%
Marcy-l'Étoile École Vétérinaire
50%
Tassin-la-Demi-Lune Les Coquelicots
50%
Marcy-l'Étoile Parc de Lacroix-Laval
50%
Tassin-la-Demi-Lune Tassin Centre Social
50%
Tassin-la-Demi-Lune Trois Renards
50%
Tassin-la-Demi-Lune Baraillon
38%
Tassin-la-Demi-Lune L'Aigas
38%
Marcy-l'Étoile BioMérieux
25%
Charbonnières-les-Bains Grandes Bruyères
25%
Marcy-l'Étoile Marcy Campus Sanofi Pasteur
25%
Marcy-l'Étoile Marcy INTEFP
25%
Marcy-l'Étoile Marcy l'Orme
25%
Tassin-la-Demi-Lune Stade du Sauze
25%
Charbonnières-les-Bains Chante Ruisseau
13%
Marcy-l'Étoile Bois de l'Étoile
0%
Marcy-l'Étoile Campus de l'Étoile BioMérieux
0%
Marcy-l'Étoile Marcy Sources
0%
Marcy-l'Étoile Marcy Verchères
0%
Lyon 9e Montribioud
0%
Aucun quiz correspondant
Distribution des résultats
% des personnes avec chaque résultat
Percentile par nombre de réponses
Votre historique - résultats
Vous n’avez pas pris ce quiz